[Event "Women's Speed Chess Q6"]
[Site "chess.com INT"]
[Date "2021.06.05"]
[Round "8"]
[White "Golubeva, Oksana"]
[Black "Dauletova, Gulmira"]
[Result "0-1"]
[WhiteTitle "WFM"]
[BlackTitle "WGM"]
[WhiteElo "2179"]
[BlackElo "2257"]
[WhiteFideId "4170164"]
[BlackFideId "13702971"]
[EventDate "2021.06.05"]

1. Nf3 d5 2. e3 Nf6 3. c4 e6 4. Qc2 Be7 5. g4 dxc4 6. Bxc4 b6 7. Rg1 Bb7 8. Nd4
c5 9. Bb5+ Nfd7 10. Ne2 a6 11. Bd3 Nc6 12. a3 Nce5 13. Be4 Nf3+ 14. Bxf3 Bxf3
15. Nbc3 Ne5 16. Rg3 Bh4 17. Rxf3 Nxf3+ 18. Kd1 O-O 19. Qe4 Ng5 20. Qg2 e5 21.
f4 exf4 22. exf4 Ne6 23. g5 Qd3 24. b4 Rad8 25. Qg4 Bf2 26. f5 Nd4 27. Nxd4 Bxd4
28. Ne4 Bxa1 29. f6 Rfe8 30. Ng3 g6 31. Ne2 Qe4 32. Qg1 Qf3 33. Kc2 Qxe2 34. Qg4
Qe4+ 35. Qxe4 Rxe4 36. bxc5 bxc5 37. d3 Re2+ 38. Kb3 Rxh2 39. Bf4 Bd4 40. Bxh2
Be3 41. Bc7 Rxd3+ 42. Kc4 Rd7 43. Bb6 Bxg5 44. Bd8 Rxd8 45. Kxc5 Bxf6 46. Kb6 h5
47. Kc7 h4 48. a4 h3 49. a5 h2 50. Kb6 h1=Q 51. Kc7 Qd5 52. Kb6 Rb8+ 53. Kc7
Rb7+ 54. Kc8 Qd7# 0-1

[Event "Women's Speed Chess Q6"]
[Site "chess.com INT"]
[Date "2021.06.05"]
[Round "8"]
[White "Gaponenko, Inna"]
[Black "Novikova, Anna"]
[Result "0-1"]
[WhiteTitle "IM"]
[BlackTitle "WIM"]
[WhiteElo "2357"]
[BlackElo "2247"]
[WhiteFideId "14101181"]
[BlackFideId "4146794"]
[EventDate "2021.06.05"]

1. e4 c5 2. c3 d5 3. exd5 Qxd5 4. d4 Nf6 5. Nf3 Bg4 6. Be2 e6 7. h3 Bh5 8. O-O
Nc6 9. Na3 cxd4 10. Nb5 Rc8 11. cxd4 a6 12. Nc3 Qd6 13. Qb3 Qb4 14. Rd1 Qxb3 15.
axb3 Rd8 16. Be3 Be7 17. Rac1 O-O 18. g4 Bg6 19. Ne5 Nb4 20. Nxg6 hxg6 21. Bf3
b5 22. Bg5 Rd7 23. d5 exd5 24. Bxf6 Bxf6 25. Nxd5 Bxb2 26. Nxb4 Rxd1+ 27. Rxd1
a5 28. Nd3 Bd4 29. Bc6 b4 30. Bb5 Bc3 31. Kf1 g5 32. Ke2 g6 33. Kf3 f5 34. Bc4+
Kg7 35. Ke2 Rc8 36. Bd5 Re8+ 37. Kf3 Rd8 38. Bc4 Rd4 39. Bb5 Rd5 40. Bc4 Rd4 41.
Bb5 Rd8 42. Bc6 Rc8 43. Bb5 Rb8 44. Ba4 Rc8 45. Ke2 fxg4 46. hxg4 Rd8 47. Kf3
Rd4 48. Kg3 Re4 49. f3 Re3 50. Nc5 Bd4 51. Ne4 Re2 52. Rxd4 Rb2 53. Rd7+ Kf8 54.
Nf6 Rxb3 0-1

[Event "Women's Speed Chess Q6"]
[Site "chess.com INT"]
[Date "2021.06.05"]
[Round "8"]
[White "Pourkashiyan, Atousa"]
[Black "Matveeva, Olga"]
[Result "1-0"]
[WhiteTitle "WGM"]
[BlackTitle "WIM"]
[WhiteElo "2322"]
[BlackElo "2145"]
[WhiteFideId "12502014"]
[BlackFideId "24107018"]
[EventDate "2021.06.05"]

1. e4 e6 2. d4 d5 3. Nd2 c5 4. exd5 Qxd5 5. Ngf3 cxd4 6. Bc4 Qd6 7. O-O Nf6 8.
Nb3 Nc6 9. Nbxd4 Nxd4 10. Nxd4 a6 11. Re1 Qc7 12. Bb3 Bd7 13. Bg5 Bd6 14. h3
O-O-O 15. Qf3 Qc5 16. Be3 Qe5 17. g3 Qe4 18. Qxe4 Nxe4 19. Rad1 Nc5 20. Bc4 Kc7
21. h4 b5 22. Bf1 e5 23. Nf3 Bc6 24. Ng5 Rd7 25. Bh3 Re7 26. Rxd6 Kxd6 27. Rd1+
Bd5 28. Bg2 e4 29. b4 Na4 30. Bxe4 Nc3 31. Bc5+ Kd7 32. Rd4 Ne2+ 33. Kf1 Nxd4
34. Bxd5 Nf5 35. Bxe7 Nxe7 36. Bxf7 Rd8 37. Bb3 h6 38. Ne6 Rb8 39. Nxg7 Kd6 40.
Nh5 Nd5 41. a3 Rf8 42. Kg2 Nc3 43. Nf4 Ne4 44. h5 Rf6 45. Nd5 Rxf2+ 46. Kh3 Rf1
47. Nf4 Ng5+ 48. Kg4 Rg1 49. Ne2 Rg2 50. Nd4 Ne4 51. Nf5+ Ke5 52. Nxh6 Rxg3+ 53.
Kh4 Rg1 54. Ng4+ Kf4 55. Nh2 Rh1 56. Kh3 Ng5+ 57. Kg2 Rc1 58. h6 Rd1 59. Bg8
Rd2+ 60. Kg1 Kg3 61. Nf1+ 1-0

[Event "Women's Speed Chess Q6"]
[Site "chess.com INT"]
[Date "2021.06.05"]
[Round "8"]
[White "Mammadova, Gulnar"]
[Black "Arabidze, Meri"]
[Result "1-0"]
[WhiteTitle "IM"]
[BlackTitle "IM"]
[WhiteElo "2382"]
[BlackElo "2432"]
[WhiteFideId "13403508"]
[BlackFideId "13604040"]
[EventDate "2021.06.05"]

1. e4 c5 2. b3 b6 3. c4 Bb7 4. Nc3 g6 5. Bb2 Bg7 6. d3 d6 7. f4 Nf6 8. Nf3 O-O
9. g3 Nc6 10. Bg2 a6 11. O-O e6 12. Qd2 b5 13. cxb5 axb5 14. Nxb5 Ba6 15. Nc3
Nb4 16. Ne1 Ng4 17. Nd1 Bxb2 18. Nxb2 Qf6 19. Nf3 d5 20. e5 Qe7 21. h3 Nh6 22.
g4 Kg7 23. a3 Nc6 24. Nd1 Qa7 25. Nf2 Rfb8 26. Rab1 Bb5 27. h4 Qxa3 28. Bh3 Qb4
29. Qc1 Nd4 30. Nxd4 Qxd4 31. f5 exf5 32. gxf5 Qxh4 33. f6+ Kh8 34. Bg2 Nf5 35.
Qxc5 Ra2 36. Qc7 Rf8 37. Qc5 Kg8 38. Rbc1 Ne3 39. Qxe3 d4 40. Qe4 Qg3 41. Qxd4
h5 42. Rc5 Ba6 43. Rc7 h4 44. Qg4 Rxf2 45. Qxg3 hxg3 46. Rxf2 gxf2+ 47. Kxf2
Bxd3 48. b4 Re8 49. Ke3 Bf5 50. Kd4 Rd8+ 51. Kc5 Rd2 52. b5 Rxg2 53. b6 Rc2+ 54.
Kd6 Rd2+ 55. Ke7 Be6 56. b7 Rb2 57. Rc8+ Kh7 58. b8=Q Rxb8 59. Rxb8 g5 60. Rb6
g4 61. Rxe6 fxe6 62. f7 g3 63. f8=Q 1-0

[Event "Women's Speed Chess Q6"]
[Site "chess.com INT"]
[Date "2021.06.05"]
[Round "8"]
[White "Socko, Monika"]
[Black "Berend, Elvira"]
[Result "1-0"]
[WhiteTitle "GM"]
[BlackTitle "WGM"]
[WhiteElo "2393"]
[BlackElo "2326"]
[WhiteFideId "1106619"]
[BlackFideId "4000510"]
[EventDate "2021.06.05"]

1. d4 Nf6 2. c4 e6 3. Nf3 Bb4+ 4. Nbd2 O-O 5. g3 d6 6. Bg2 Nc6 7. O-O e5 8. d5
Bxd2 9. Bxd2 Nb8 10. Qc2 a5 11. e4 Nbd7 12. Ne1 Nc5 13. b3 Bd7 14. Rb1 Ne8 15.
Nd3 b6 16. Rbe1 f5 17. Nxc5 bxc5 18. f4 exf4 19. Bxf4 fxe4 20. Bxe4 Nf6 21. Bf5
Bxf5 22. Qxf5 a4 23. Bg5 axb3 24. axb3 Ra2 25. Re6 Rb2 26. Qd3 Qa8 27. Bxf6 Rxf6
28. Rexf6 gxf6 29. Rxf6 Qa2 30. Qe4 Rb1+ 31. Rf1 Rxf1+ 32. Kxf1 Qxb3 33. Qg4+
Kf7 34. Qe6+ Kg7 35. Qe7+ Kg6 36. Qe4+ Kg7 37. Kg2 Qb2+ 38. Kh3 Qf6 39. Qe2 Qh6+
40. Kg2 Qg6 41. h4 Qf6 42. Kh3 Qf7 43. Qg4+ Kf8 44. Qe2 Qf5+ 45. g4 Qf4 46. h5
h6 47. Kg2 Kg7 48. Qe7+ Kg8 49. Qe6+ Kg7 50. Qe2 Qf6 51. Qf3 Qb2+ 52. Kg3 Qd4
53. Kh3 Qg1 54. Qg2 Qe3+ 55. Qg3 Qe4 56. Qc3+ Kg8 57. Kg3 Kf7 58. Qf3+ Qxf3+ 59.
Kxf3 Ke7 60. Ke4 Kf7 61. Kf5 Kg7 62. g5 hxg5 63. Kxg5 1-0

[Event "Women's Speed Chess Q6"]
[Site "chess.com INT"]
[Date "2021.06.05"]
[Round "8"]
[White "Avramidou, Anastasia"]
[Black "Zhuravleva, Olga"]
[Result "1-0"]
[WhiteTitle "FM"]
[BlackTitle "WIM"]
[WhiteElo "2238"]
[BlackElo "2278"]
[WhiteFideId "4239873"]
[BlackFideId "4145933"]
[EventDate "2021.06.05"]

1. d4 Nf6 2. c4 e6 3. Nc3 Bb4 4. Bd2 O-O 5. Nf3 b6 6. g3 Bb7 7. Bg2 Be7 8. O-O
d6 9. Re1 Nbd7 10. e4 c5 11. d5 e5 12. Nh4 g6 13. Bh6 Re8 14. f4 exf4 15. gxf4
Nxd5 16. Nxg6 fxg6 17. exd5 Bh4 18. Rxe8+ Qxe8 19. Qg4 Bf6 20. Ne4 Bd4+ 21. Kh1
Nf6 22. Nxf6+ Bxf6 23. f5 Bc8 24. Rf1 Qe5 25. Bf4 Qxf5 26. Qg3 Qg4 27. Bxd6 Qxg3
28. Bxg3 Bf5 29. d6 Rd8 30. b3 Kg7 31. Bc6 Bd4 32. Kg2 Kf6 33. Bh4+ g5 34. Bg3
Kg6 35. Re1 Bf6 36. Bd5 h5 37. h3 Rd7 38. Bc6 Rd8 39. Re8 Rxe8 40. Bxe8+ Kg7 41.
Bxh5 Bd8 42. Bf3 Kf6 43. Bd5 Be6 44. Bxe6 Kxe6 45. Kf3 Kf5 46. Bh2 Bf6 47. d7
Bd8 48. Bg3 Ke6 49. Kg4 Kxd7 50. Kf5 a6 51. Bf2 Ke8 52. Be3 Kf7 53. Bxg5 Bc7 54.
h4 Kg7 55. h5 Kf7 56. Ke4 Bg3 57. Kd5 Bf2 58. Kc6 b5 59. cxb5 axb5 60. Kxb5 Bd4
61. Kc4 Ke6 62. a4 Kf5 63. Bd2 Ke4 64. h6 Kf5 65. a5 Ke6 66. a6 Kd7 67. Bc3 Kc6
68. Bxd4 cxd4 69. Kxd4 Kb6 70. h7 Kxa6 71. h8=Q Ka5 72. Qh5+ Ka6 73. Kc4 Kb7 74.
b4 Kc7 75. Qg5 Kd7 76. Kd5 Kc7 77. Qg6 Kb7 78. Kc5 Ka7 79. Kb5 Kb7 80. Qf7+ Kc8
81. Kc6 Kb8 82. Qb7# 1-0

[Event "Women's Speed Chess Q6"]
[Site "chess.com INT"]
[Date "2021.06.05"]
[Round "8"]
[White "Starosta, Martyna"]
[Black "Koridze, Lile"]
[Result "1-0"]
[WhiteTitle "WCM"]
[BlackTitle "WFM"]
[WhiteElo "1910"]
[BlackElo "2016"]
[WhiteFideId "21818754"]
[BlackFideId "13612514"]
[EventDate "2021.06.05"]

1. e4 c5 2. Nf3 d6 3. d4 cxd4 4. Nxd4 Nf6 5. Nc3 Nc6 6. Bc4 e6 7. Be3 a6 8. Qe2
Qc7 9. Bd3 Be7 10. f4 b5 11. a3 Bb7 12. O-O-O Rc8 13. g4 Na5 14. g5 Nd7 15. f5
Nc5 16. fxe6 Nxe6 17. Nxe6 fxe6 18. g6 Bf6 19. Bd2 h6 20. Rhf1 O-O 21. Qg4 Qe7
22. Kb1 Nc4 23. Bxc4 Rxc4 24. Bf4 Rd8 25. Qg3 Bd4 26. Ne2 e5 27. Nxd4 exd4 28.
e5 dxe5 29. Bxe5 Bd5 30. Rde1 Qd7 31. Qd3 Re8 32. Bxd4 Be6 33. Bc3 Qc8 34. Qd6
Rc6 35. Qe5 Ba2+ 36. Kxa2 Rxe5 37. Rxe5 Re6 38. Ref5 Re8 39. Rf7 Qe6+ 40. Kb1
Qxg6 41. Rxg7+ Qxg7 42. Bxg7 Kxg7 43. Rg1+ Kf7 44. Rf1+ Kg7 45. Rg1+ Kf6 46.
Rf1+ Kg5 47. Rg1+ Kf4 48. Rg6 h5 49. Rxa6 Re2 50. Rb6 Rxh2 51. Rxb5 h4 52. Rb4+
Ke5 53. Rb5+ Kd4 54. Rh5 h3 55. b4 Kc3 56. Rc5+ Kd4 57. Rh5 Rh1+ 58. Kb2 h2 59.
b5 Ke3 60. b6 Rg1 61. Rxh2 Rg6 62. Rh3+ Kd4 63. Rb3 Kc5 64. a4 Rg8 65. a5 Rb8
66. a6 Rxb6 67. Rxb6 Kxb6 68. Kc3 Kxa6 69. Kd4 Kb7 70. Kd5 Kc7 71. Kc5 Kd7 72.
Kb6 Kc8 73. c4 Kb8 74. c5 Kc8 75. Kc6 Kb8 76. Kd7 Kb7 77. c6+ Kb6 78. c7 Kb5 79.
c8=Q 1-0

[Event "Women's Speed Chess Q6"]
[Site "chess.com INT"]
[Date "2021.06.05"]
[Round "8"]
[White "Obregon Garcia, Roxangel"]
[Black "Nguyen, Thi Mai Hung"]
[Result "1-0"]
[WhiteTitle "WIM"]
[BlackTitle "WGM"]
[WhiteElo "2167"]
[BlackElo "2254"]
[WhiteFideId "3520420"]
[BlackFideId "12401676"]
[EventDate "2021.06.05"]

1. e4 e6 2. d4 d5 3. e5 c5 4. c3 Nc6 5. Nf3 Qb6 6. Be2 Nge7 7. Na3 Nf5 8. Nc2
cxd4 9. cxd4 Nb4 10. Nxb4 Bxb4+ 11. Kf1 Bd7 12. g4 Ne7 13. a3 Ba5 14. b4 Bxb4
15. axb4 Qxb4 16. Ba3 Qb6 17. Rb1 Qc7 18. Bd6 Qc8 19. Bxe7 Kxe7 20. Qb3 Bc6 21.
Kg2 f6 22. Rhc1 Qd7 23. Qa3+ Kf7 24. Qe3 a5 25. Qf4 Ke7 26. Bd3 a4 27. Re1 a3
28. exf6+ gxf6 29. Bf5 Kf8 30. Bxe6 Qg7 31. Qd6+ Qe7 32. Qxe7+ Kxe7 33. Bxd5+
Kd6 34. Bxc6 bxc6 35. Nd2 Kd5 36. Ne4 Rhf8 37. f3 a2 38. Ra1 Ra3 39. Re2 Rfa8
40. Nxf6+ Kxd4 41. Ne4 R8a5 42. Rd2+ Ke5 43. Nd6 R5a4 44. Re1+ Kf6 45. Ne4+ Rxe4
46. fxe4 a1=Q 47. Rxa1 Rxa1 48. Rd6+ Kg5 49. h3 Ra2+ 50. Kg3 Ra3+ 51. Kg2 Rc3
52. e5 c5 53. e6 Kf6 54. Rc6 c4 55. h4 h6 56. Kf2 Ke7 57. g5 hxg5 58. hxg5 Rh3
59. Rxc4 Kxe6 60. Rf4 1-0

[Event "Women's Speed Chess Q6"]
[Site "chess.com INT"]
[Date "2021.06.05"]
[Round "8"]
[White "Chu, Ruotong"]
[Black "Zaksaite, Salomeja"]
[Result "0-1"]
[WhiteTitle "WIM"]
[BlackTitle "WIM"]
[WhiteElo "2207"]
[BlackElo "2202"]
[WhiteFideId "8605653"]
[BlackFideId "12801496"]
[EventDate "2021.06.05"]

1. Nf3 Nf6 2. g3 g6 3. Bg2 Bg7 4. O-O O-O 5. d4 d5 6. c4 dxc4 7. Na3 Nc6 8. Nxc4
Be6 9. Nfe5 Bd5 10. Nxc6 bxc6 11. Ne3 Bxg2 12. Nxg2 Nd7 13. e3 c5 14. dxc5 Nxc5
15. Qc2 Qd6 16. Rd1 Qb6 17. Rb1 Rfd8 18. Bd2 e5 19. b3 e4 20. Nf4 Nd3 21. Nxd3
exd3 22. Qc4 Rd7 23. Rbc1 Rad8 24. Bc3 Bxc3 25. Qxc3 Qa6 26. Rd2 h5 27. Rcd1 h4
28. gxh4 Qb5 29. Qc4 Qf5 30. Qf4 Qxf4 31. exf4 Kg7 32. Kg2 Kf6 33. Kg3 Kf5 34.
f3 Rd4 35. a3 R8d7 36. b4 a6 37. Re1 Rc4 38. Re5+ Kf6 39. Re3 Rc3 40. a4 Ra3 41.
b5 Rxa4 42. bxa6 Rxa6 43. Rexd3 Rad6 44. Rxd6+ cxd6 45. Rd5 Ke6 46. Rd4 d5 47.
Kg4 Rd8 48. h5 gxh5+ 49. Kxh5 Rh8+ 50. Kg4 Rxh2 51. f5+ Ke5 52. Rd3 Rg2+ 53. Kh3
Rf2 54. Kg3 Rc2 55. f6 Rc5 56. Kg4 Kxf6 57. Kf4 Ke6 58. Ke3 Rc4 59. f4 f6 60.
Kf3 Re4 61. Rd1 Rc4 62. Rd3 d4 63. Rd1 Kd5 64. Kg4 Rc3 65. Kf5 Rc6 66. Rd2 Kc4
67. Ke4 Re6+ 68. Kf5 Rd6 69. Ke4 d3 70. Rd1 Kc3 71. Rc1+ Kd2 72. Rc5 Ke2 0-1

[Event "Women's Speed Chess Q6"]
[Site "chess.com INT"]
[Date "2021.06.05"]
[Round "9"]
[White "Nguyen, Hong Ngoc"]
[Black "Gaponenko, Inna"]
[Result "0-1"]
[WhiteTitle "WCM"]
[BlackTitle "IM"]
[WhiteElo "1957"]
[BlackElo "2357"]
[WhiteFideId "12403083"]
[BlackFideId "14101181"]
[EventDate "2021.06.05"]

1. e4 g6 2. d4 Bg7 3. Nc3 d6 4. g3 a6 5. Bg2 b5 6. Be3 Bb7 7. Qd2 Nf6 8. d5 Nbd7
9. Nge2 c6 10. dxc6 Bxc6 11. Bh6 Bxh6 12. Qxh6 Nc5 13. Qe3 b4 14. Nd5 Bxd5 15.
exd5 Rc8 16. O-O O-O 17. Qd4 Qb6 18. c4 bxc3 19. Nxc3 Qxb2 20. Rab1 Nb3 21. Qxf6
Qxb1 22. Rxb1 exf6 23. Rxb3 Rfe8 24. h4 Re1+ 25. Kh2 Kg7 26. Ne4 Rc2 27. Rf3
Rxe4 0-1

[Event "Women's Speed Chess Q6"]
[Site "chess.com INT"]
[Date "2021.06.05"]
[Round "9"]
[White "Golubenko, Valentina"]
[Black "Von Herman, Brigitte"]
[Result "1-0"]
[WhiteTitle "WGM"]
[BlackTitle "WFM"]
[WhiteElo "2209"]
[BlackElo "1991"]
[WhiteFideId "4501993"]
[BlackFideId "4628730"]
[EventDate "2021.06.05"]

1. d4 d5 2. Nf3 Nc6 3. g3 Bg4 4. Bg2 e6 5. O-O Nf6 6. c4 dxc4 7. e3 Be7 8. Nbd2
O-O 9. Nxc4 Rb8 10. Qc2 a6 11. Nfe5 Nxe5 12. Nxe5 Bf5 13. Qb3 c6 14. Bd2 Ne4 15.
Bb4 Re8 16. g4 Bxb4 17. Qxb4 Bxg4 18. Nxg4 Nd6 19. Ne5 Nf5 20. Rad1 Qg5 21. f4
Qh6 22. Qd2 f6 23. Nf3 Rbd8 24. Qf2 e5 25. fxe5 fxe5 26. Nxe5 Nxe3 27. Qf7+ Kh8
28. Qxe8+ Rxe8 29. Nf7+ 1-0

[Event "Women's Speed Chess Q6"]
[Site "chess.com INT"]
[Date "2021.06.05"]
[Round "9"]
[White "Tania, Sachdev"]
[Black "Paehtz, Elisabeth"]
[Result "0-1"]
[WhiteTitle "IM"]
[BlackTitle "IM"]
[WhiteElo "2392"]
[BlackElo "2456"]
[WhiteFideId "5007844"]
[BlackFideId "4641833"]
[EventDate "2021.06.05"]

1. d4 g6 2. c4 Bg7 3. Nf3 d6 4. Nc3 Nf6 5. e4 O-O 6. h3 e5 7. d5 a5 8. Be2 Na6
9. Bg5 h6 10. Be3 Nd7 11. g4 Ndc5 12. Qd2 Kh7 13. O-O-O Nb4 14. Kb1 Bd7 15. h4
a4 16. h5 g5 17. Bxc5 dxc5 18. Ne1 Qb8 19. Nc2 Nxc2 20. Qxc2 Bf6 21. Rd2 Be7 22.
Nd1 Bd6 23. Ne3 f6 24. a3 Qa7 25. Ka1 Qa5 26. Qc3 Qa6 27. Rc1 Kg7 28. Qc2 Kf7
29. Qc3 Ke7 30. f3 Rfb8 31. Rf1 Qb6 32. Bd1 Ra6 33. Bc2 Qa7 34. Bd3 Rb6 35. Bb1
Rb3 0-1

[Event "Women's Speed Chess Q6"]
[Site "chess.com INT"]
[Date "2021.06.05"]
[Round "9"]
[White "Zaksaite, Salomeja"]
[Black "Starosta, Martyna"]
[Result "0-1"]
[WhiteTitle "WIM"]
[BlackTitle "WCM"]
[WhiteElo "2202"]
[BlackElo "1910"]
[WhiteFideId "12801496"]
[BlackFideId "21818754"]
[EventDate "2021.06.05"]

1. e4 c5 2. Nf3 d6 3. d4 cxd4 4. Nxd4 Nf6 5. Nc3 a6 6. Bc4 e5 7. Bb3 exd4 8.
Qxd4 Nc6 9. Qd3 Be6 10. Nd5 Bxd5 11. exd5 Ne5 12. Qg3 Be7 13. Bd2 O-O 14. O-O-O
Ne4 15. Qf4 Nxd2 16. Qxd2 a5 17. f4 a4 18. Kb1 axb3 19. fxe5 Bg5 20. Qe2 Rxa2
21. cxb3 Qa8 22. Qc4 Ra1+ 23. Kc2 Rxd1 0-1

[Event "Women's Speed Chess Q6"]
[Site "chess.com INT"]
[Date "2021.06.05"]
[Round "9"]
[White "Koridze, Lile"]
[Black "Soumya, Swaminathan"]
[Result "1-0"]
[WhiteTitle "WFM"]
[BlackTitle "IM"]
[WhiteElo "2016"]
[BlackElo "2351"]
[WhiteFideId "13612514"]
[BlackFideId "5016193"]
[EventDate "2021.06.05"]

1. d4 Nf6 2. c4 g6 3. Nc3 Bg7 4. e4 d6 5. Nf3 O-O 6. Be2 e5 7. Be3 Ng4 8. Bg5 f6
9. Bc1 Nh6 10. O-O Nc6 11. Be3 Ng4 12. Bc1 Nh6 13. h3 Nf7 14. Be3 f5 15. exf5
gxf5 16. dxe5 Ncxe5 17. Nd4 c5 18. Nf3 Be6 19. Nd5 Ng6 20. Qd2 Rb8 21. Ng5 Nxg5
22. Bxg5 Qd7 23. Bf3 Qf7 24. Rad1 f4 25. Be4 f3 26. Bxf3 Bxh3 27. Bh5 Be6 28.
Ne7+ Kh8 29. Qxd6 1-0

[Event "Women's Speed Chess Q6"]
[Site "chess.com INT"]
[Date "2021.06.05"]
[Round "9"]
[White "Eswaran, Aksithi"]
[Black "Priyanka, K"]
[Result "1-0"]
[WhiteTitle "WCM"]
[BlackTitle "WIM"]
[WhiteElo "1745"]
[BlackElo "2218"]
[WhiteFideId "2083485"]
[BlackFideId "5082986"]
[EventDate "2021.06.05"]

1. e4 c5 2. Nf3 d6 3. d4 cxd4 4. Nxd4 Nf6 5. Nc3 a6 6. f3 e5 7. Nb3 Be7 8. Be3
Be6 9. Be2 Nbd7 10. O-O O-O 11. Qd2 b5 12. a3 Nb6 13. Rfd1 Nc4 14. Bxc4 bxc4 15.
Nc1 Rb8 16. Rb1 Qc7 17. N1e2 Rfd8 18. Ng3 d5 19. exd5 Nxd5 20. Nxd5 Bxd5 21. Qc3
Be6 22. Bf2 f5 23. Re1 Bf6 24. Nh5 Rd5 25. Nxf6+ gxf6 26. f4 Rbd8 27. Bh4 Qb6+
28. Kh1 Bf7 29. fxe5 Rd4 30. Bxf6 Re8 31. e6 Rxe6 32. Bxd4 Rxe1+ 33. Rxe1 Qg6
34. Qf3 h5 35. Qa8+ Kh7 1-0

[Event "Women's Speed Chess Q6"]
[Site "chess.com INT"]
[Date "2021.06.05"]
[Round "9"]
[White "Sukandar, Irine Kharisma"]
[Black "Tarasova, Viktoriya"]
[Result "1-0"]
[WhiteTitle "IM"]
[BlackTitle "WIM"]
[WhiteElo "2413"]
[BlackElo "2226"]
[WhiteFideId "7101937"]
[BlackFideId "4175840"]
[EventDate "2021.06.05"]

1. d4 Nf6 2. Bf4 e6 3. e3 b6 4. Nd2 Bb7 5. Ngf3 d5 6. Bd3 Bd6 7. Ne5 Ne4 8. f3
Nxd2 9. Qxd2 O-O 10. Bg3 Nd7 11. f4 Nf6 12. Bh4 Be7 13. Bxf6 Bxf6 14. O-O c5 15.
c3 Rc8 16. Qf2 Be7 17. f5 f6 18. Nf3 exf5 19. Bxf5 Rc7 20. Qh4 g6 21. Bd3 f5 22.
Qh6 Bf6 23. h4 Bg7 24. Qf4 Re7 25. h5 Rfe8 26. hxg6 hxg6 27. Rae1 Qc7 28. Qg5
Re6 29. Nh4 Qe7 30. Qg3 Rxe3 31. Nxg6 Qf6 32. Rxe3 Rxe3 33. Qxe3 Qxg6 34. Bxf5
Qf6 35. Be6+ 1-0

[Event "Women's Speed Chess Q6"]
[Site "chess.com INT"]
[Date "2021.06.05"]
[Round "9"]
[White "Nguyen, Hong Anh"]
[Black "Nandhidhaa, P V"]
[Result "1-0"]
[WhiteTitle "WIM"]
[BlackTitle "WGM"]
[WhiteElo "1993"]
[BlackElo "2365"]
[WhiteFideId "12406732"]
[BlackFideId "5050847"]
[EventDate "2021.06.05"]

1. d4 d6 2. c4 e5 3. Nc3 exd4 4. Qxd4 Nc6 5. Qd1 g6 6. Nf3 Bg7 7. g3 Nge7 8. Bg2
O-O 9. O-O Be6 10. Nd5 Bxd5 11. cxd5 Nb4 12. e4 c6 13. a3 Na6 14. Nd4 cxd5 15.
exd5 Nc7 16. Nb3 Qd7 17. Re1 Rfe8 18. Na5 b6 19. Nc4 b5 20. Nxd6 Qxd6 21. Bf4
Qd7 22. Bxc7 Qxc7 23. d6 Qb6 24. Bxa8 Rxa8 25. dxe7 Bd4 26. e8=Q+ Rxe8 27. Rxe8+
Kg7 28. Qd2 h5 29. Rd1 Bc5 30. b4 1-0

[Event "Women's Speed Chess Q6"]
[Site "chess.com INT"]
[Date "2021.06.05"]
[Round "9"]
[White "Antolak, Julia"]
[Black "Vo, Thi Kim Phung"]
[Result "1-0"]
[WhiteTitle "WIM"]
[BlackTitle "WGM"]
[WhiteElo "2309"]
[BlackElo "2335"]
[WhiteFideId "1159569"]
[BlackFideId "12401838"]
[EventDate "2021.06.05"]

1. e4 e6 2. d4 d5 3. Nd2 Nf6 4. e5 Nfd7 5. Bd3 c5 6. c3 b6 7. Ne2 Ba6 8. Bxa6
Nxa6 9. O-O Be7 10. f4 g6 11. Nf3 O-O 12. Qe1 b5 13. Ng5 h6 14. Nh3 Kg7 15. Qg3
cxd4 16. Nxd4 Qc7 17. f5 Qxe5 18. Bf4 Qf6 19. fxe6 fxe6 20. Bxh6+ Kxh6 21. Rxf6
Rxf6 22. Nf4 Nac5 23. b4 Bd6 24. Qh3+ Kg7 25. Nfxe6+ Nxe6 26. Nxe6+ Kg8 27. Ng5
Nf8 28. Qd3 Rf5 29. Nf3 Re8 30. Qxb5 Bf4 31. Qxe8 1-0

[Event "Women's Speed Chess Q6"]
[Site "chess.com INT"]
[Date "2021.06.05"]
[Round "9"]
[White "Eswaran, Ashritha"]
[Black "Dordzhieva, Dinara"]
[Result "1-0"]
[WhiteTitle "WIM"]
[BlackTitle "WGM"]
[WhiteElo "2244"]
[BlackElo "2311"]
[WhiteFideId "2080788"]
[BlackFideId "24157570"]
[EventDate "2021.06.05"]

1. e4 c5 2. Nf3 d6 3. d4 cxd4 4. Nxd4 Nf6 5. Nc3 a6 6. Be3 e6 7. Be2 Be7 8. O-O
Nc6 9. a4 O-O 10. f4 Qc7 11. Nb3 b6 12. Bf3 Bb7 13. g4 Nd7 14. g5 Nc5 15. Nxc5
bxc5 16. Bg2 Rfe8 17. f5 Ne5 18. f6 Bf8 19. fxg7 Bxg7 20. Ne2 Nc4 21. Bf4 Rad8
22. Ng3 Nxb2 23. Qg4 Nc4 24. Nh5 Ne5 25. Bxe5 Bxe5 26. Nf6+ Kg7 27. Qh5 Bxf6 28.
gxf6+ Kh8 29. Rf4 Rg8 30. Rh4 Bxe4 31. Rxe4 Qb7 32. Rg4 Qb2 33. Re1 Rxg4 34.
Qxg4 Rg8 35. Qe2 Qxf6 36. Rf1 Qd4+ 37. Kh1 Rg7 38. Qxa6 Qd2 39. Qa8+ Rg8 40. Qe4
f5 41. Qf3 Qxc2 42. a5 Qa2 43. Qc3+ Rg7 44. Rg1 d5 45. Qxc5 h6 46. Qf8+ Kh7 47.
Qxg7+ Kxg7 48. Bxd5+ Kf6 49. Bxa2 1-0

[Event "Women's Speed Chess Q6"]
[Site "chess.com INT"]
[Date "2021.06.05"]
[Round "9"]
[White "Komiagina, Maria"]
[Black "Arpita, Mukherjee"]
[Result "0-1"]
[WhiteTitle "WIM"]
[BlackTitle "WIM"]
[WhiteElo "2241"]
[BlackElo "2206"]
[WhiteFideId "4153987"]
[BlackFideId "5056403"]
[EventDate "2021.06.05"]

1. e4 c5 2. Nf3 d6 3. d4 cxd4 4. Nxd4 Nf6 5. Nc3 a6 6. h3 e6 7. g4 Nfd7 8. Be3
Nc6 9. Bg2 Be7 10. Qd2 Nde5 11. Qe2 O-O 12. O-O-O Na5 13. Nb3 Nac4 14. f4 Nxe3
15. Qxe3 Nc4 16. Qd3 b5 17. e5 d5 18. Kb1 b4 19. Ne2 a5 20. Nbd4 Bd7 21. Qg3 a4
22. f5 Bc5 23. g5 b3 24. cxb3 axb3 25. Nxb3 Ne3 26. Nxc5 Nxd1 27. Rxd1 Qa5 28.
Qa3 Qb5 29. Qe3 Rfb8 30. Nb3 Qa6 31. Nec1 Ba4 32. Nc5 Qb6 33. N1b3 Bxb3 34. axb3
Qa7 35. fxe6 fxe6 36. Qd4 Qa2+ 37. Kc2 Rc8 38. Bxd5 exd5 39. Qxd5+ Kh8 40. e6
Qa5 41. Rd3 Rxc5+ 0-1

[Event "Women's Speed Chess Q6"]
[Site "chess.com INT"]
[Date "2021.06.05"]
[Round "9"]
[White "Fernandez, Maria Florencia"]
[Black "Maklakova, Nellija"]
[Result "0-1"]
[WhiteTitle "WIM"]
[WhiteElo "2229"]
[BlackElo "1828"]
[WhiteFideId "116459"]
[BlackFideId "11603470"]
[EventDate "2021.06.05"]

1. d4 Nf6 2. c4 g6 3. Nc3 Bg7 4. e4 d6 5. Be2 O-O 6. Be3 c5 7. d5 e5 8. h4 h5 9.
Nf3 Bg4 10. Qd2 a6 11. O-O-O b5 12. cxb5 axb5 13. Bxb5 Qb6 14. a4 Na6 15. Kb1
Nb4 16. Rc1 Rfb8 17. Ne1 Ra5 18. f3 Bd7 19. Bxd7 Nxd7 20. Nd3 Nxd3 21. Rc2 Nb4
22. Rcc1 Rba8 23. g4 Rxa4 24. Nxa4 Rxa4 25. Rc3 Qa6 26. Ra3 Rxa3 27. bxa3 Qxa3
28. gxh5 Qb3+ 29. Qb2 Qd3+ 30. Ka1 Qxe3 31. hxg6 fxg6 32. h5 gxh5 33. Rc1 Qxf3
34. Rc3 Qxe4 35. Qh2 Qd4 36. Kb2 e4 37. Kb3 Qxc3+ 38. Ka4 Nxd5 39. Kb5 Qb4+ 40.
Kc6 N7f6 41. Kxd6 Qb6+ 42. Ke5 Qc7+ 43. Kf5 Qxh2 44. Kg6 Qg3+ 45. Kf5 Qf4+ 46.
Ke6 Qg4+ 47. Ke5 Nc3 48. Kd6 Nh7 49. Kc6 e3 50. Kd6 e2 51. Kc6 e1=Q 52. Kb6
Qee6+ 53. Ka5 Qb4# 0-1